00555nam a2200229Ia 4500008004100000020002100041100002000062245003100082245002000113260001500133260002000148260000900168300001700177300001000194650001500204650001600219650001600235650002200251650002200273650002200295700000800317160803s9999 xx 000 0 und d a 978-0141305950 aBlackwood, Gary 4aThe Shakespeare stealer /  cGary Blackwood. aNew York : bScholastic Inc. c1998 a216 pages ;  c22 cm aActors --  aOrphans --  aTheater --  xJuvenile fiction. xJuvenile fiction. xJuvenile fiction. a840